[Event "Tourn. n7824"]
[Site "www.chess-mail.com"]
[Date "2015.01.06"]
[Round "1"]
[White "Falcoale"]
[Black "Naujzaid"]
[WhiteElo "1960"]
[BlackElo "2020"]
[Result "0-1"]
[Round "1"]
1.e4 c5
2.Ng1f3 d6
3.d4 cxd4
4.Nf3xd4 Ng8f6
5.Nb1c3 e6
6.Bf1d3 a6
7.Bc1e3 Bf8e7
8.h3 O-O
9.Qd1f3 Qd8c7
10.O-O-O Nb8c6
11.g4 Nc6e5
12.Qf3g2 Ne5xd3
13.Rd1xd3 Nf6d7
14.f4 Nd7c5
15.Rd3d2 b5
16.Nd4b3 Nc5xb3
17.axb3 Bc8b7
18.Rh1g1 Bb7c6
19.Qg2g3 a5
20.g5 a4
21.bxa4 b4
22.Nc3b1 Ra8xa4
23.Be3d4 Bc6xe4
24.h4 Rf8c8
25.Qg3b3 Ra4a1
26.h5 Be4d5
27.Qb3e3 Bd5a2
28.Rd2d1 Qc7xc2
{ resign }
0-1

[Event "Tourn. n7985"]
[Site "www.chess-mail.com"]
[Date "2015.01.06"]
[Round "1"]
[White "Guidom"]
[Black "Luban"]
[WhiteElo "2040"]
[BlackElo "2080"]
[Result "1/2-1/2"]
[Round "1"]
1.e4 c5
2.Ng1f3 d6
3.c4 Nb8c6
4.Nb1c3 Bc8g4
5.Bf1e2 Bg4xf3
6.Be2xf3 e6
7.O-O g6
8.d3 Bf8g7
9.Bc1e3 Ng8e7
10.h3 a6
11.a3 O-O
12.Qd1d2 b6
13.Rf1e1 Nc6a5
14.Qd2c2 Ra8c8
15.Ra1d1 Ne7c6
16.Rd1b1 Nc6d4
17.Be3xd4 Bg7xd4
18.b4 cxb4
19.axb4 Na5c6
20.b5 axb5
21.Nc3xb5 Bd4c5
22.Qc2d2 Nc6d4
23.Nb5xd4 { draw }
1/2-1/2

[Event "Tourn. n7890"]
[Site "www.chess-mail.com"]
[Date "2015.01.06"]
[Round "1"]
[White "Cardiff"]
[Black "Osopanda"]
[WhiteElo "2040"]
[BlackElo "1910"]
[Result "0-1"]
[Round "1"]
1.e4 c5
2.Nb1c3 d6
3.g3 Nb8c6
4.Bf1g2 e6
5.Ng1e2 Ng8e7
6.f4 g6
7.d4 cxd4
8.Ne2xd4 Bf8g7
9.Bc1e3 a6
10.Nd4xc6 Ne7xc6
11.Qd1d2 O-O
12.Ra1d1 d5
13.exd5 exd5
14.Nc3xd5 Bc8e6
15.Nd5c3 Qd8f6
16.O-O Ra8d8
17.Qd2e2 Nc6a5
18.Qe2f2 Be6c4
19.Rf1e1 Rd8xd1
20.Re1xd1 Na5c6
21.Be3c5 Rf8c8
22.Rd1d6 Qf6f5
23.Bg2e4 Qf5h5
24.Be4f3 Qh5h3
25.Bf3g2 Qh3f5
26.Bg2xc6 bxc6
27.Bc5a3 c5
28.Qf2d2 Bg7d4
29.Kh1 Qf5h3
30.Qd2d1 Bc4e6
31.Nc3e2 Be6g4
{ resign }
0-1

[Event "Tourn. n7940"]
[Site "www.chess-mail.com"]
[Date "2015.01.06"]
[Round "1"]
[White "Falcoale"]
[Black "Maredocla"]
[WhiteElo "2000"]
[BlackElo "1910"]
[Result "0-1"]
[Round "1"]
1.e4 c5
2.Ng1f3 g6
3.Nb1c3 Bf8g7
4.Bf1c4 d6
5.O-O a6
6.Nf3g5 e6
7.f4 h6
8.Ng5h3 d5
9.exd5 exd5
10.Nc3xd5 Bc8xh3
11.gxh3 b5
12.Rf1e1 Kf8
13.Nd5e3 bxc4
14.Ne3xc4 Qd8d4
15.Nc4e3 Qd4xf4
16.Re1f1 Qf4g5
17.Ne3g2 Ra8a7
18.d3 Qg5d5
19.c3 Ng8f6
20.Bc1f4 Nb8c6
21.Ng2e3 Qd5d7
22.Qd1c2 Qd7xh3
23.Bf4g3 Kg8
24.Ra1e1 Kh7
25.Rf1f4 Rh8e8
26.Rf4h4 Qh3e6
27.a3 Nc6e5
28.Ne3c4 Ne5f3
{ resign }
0-1

[Event "Tourn. n7908"]
[Site "www.chess-mail.com"]
[Date "2015.01.06"]
[Round "1"]
[White "Cardiff"]
[Black "Apoorva"]
[WhiteElo "2070"]
[BlackElo "2130"]
[Result "1/2-1/2"]
[Round "1"]
1.e4 c5
2.b3 d6
3.Bc1b2 e5
4.Bf1b5 Nb8c6
5.Ng1e2 a6
6.Bb5xc6 bxc6
7.O-O Qd8c7
8.f4 Bc8g4
9.fxe5 dxe5
10.d3 Bf8d6
11.Qd1e1 Bg4h5
12.Nb1d2 Ng8h6
13.Nd2c4 O-O
14.Ne2g3 Bh5g6
15.Ng3f5 Bg6xf5
16.exf5 f6
17.Qe1g3 Ra8d8
18.Bb2c3 Rf8f7
19.Bc3a5 Qc7d7
20.Nc4xd6 Qd7xd6
21.Ba5xd8 Qd6xd8
22.Qg3f3 Rf7c7
23.Ra1e1 Qd8d4
24.Kh1 Qd4b2
25.Rf1f2 Qb2xa2
26.Qf3d1 Qa2a5
27.Re1e4 Rc7d7
28.Re4a4 Qa5b6
29.Rf2f1 Rd7d4
30.Qd1a1 Rd4xa4
31.Qa1xa4 Nh6g4
32.h3 Ng4e3
33.Rf1c1 h6
34.Qa4e4 Ne3d5
35.Qe4c4 Kh7
36.Rc1a1 Nd5e3
37.Qc4xa6 Qb6b4
38.Qa6xc6 Ne3xf5
39.Qc6e4 Qb4xe4
40.dxe4 Nf5g3
41.Kg1 Ng3xe4
42.Kf1 g5
43.Ke2 Kg6
44.Kd3 f5
45.c3 h5
46.Ra1a6 Kf7
47.b4 g4
{ draw }
1/2-1/2

[Event "Tourn. n7916"]
[Site "www.chess-mail.com"]
[Date "2015.01.06"]
[Round "1"]
[White "Generalfree"]
[Black "Neo"]
[WhiteElo "1750"]
[BlackElo "1790"]
[Result "1-0"]
[Round "1"]
1.e4 e5
2.Ng1f3 d6
3.Bf1c4 g6
4.d3 Bf8g7
5.Nb1c3 Nb8c6
6.a3 Ng8e7
7.Bc1e3 Bc8g4
8.h3 Bg4xf3
9.Qd1xf3 O-O
10.b4 Nc6d4
11.Be3xd4 exd4
12.Nc3d5 Ne7xd5
13.Bc4xd5 c6
14.Bd5c4 Ra8b8
15.g3 Qd8d7
16.O-O-O b5
17.Bc4b3 d5
18.exd5 cxd5
19.Bb3xd5 Bg7h6
20.Kb2 Rb8c8
21.Bd5b3 Qd7c7
22.Qf3d5 Qc7c3
23.Kb1 Rc8e8
24.Qd5xb5 Re8e2
25.f4 Kg7
26.Qb5b7 Rf8e8
27.Qb7xa7 Re2e7
28.Qa7a6 Qc3c7
29.Qa6c4 Qc7a7
30.Kb2 Kh8
31.Qc4c5 Qa7d7
32.a4 Bh6f8
33.Qc5g5 Bf8g7
34.b5 Qd7d6
35.Rd1a1 Re8f8
36.Rh1e1 Re7xe1
37.Ra1xe1 Qd6c7
38.Re1e7 Qc7c3
39.Ka2 Qc3b4
40.Re7a7 Qb4e1
41.Ra7xf7 Rf8xf7
42.Bb3xf7 Qe1a5
43.Bf7b3 Qa5b6
44.Qg5d5 Qb6b8
45.a5 h5
46.Bb3c4 Qb8c8
47.Qd5e6 Qc8a8
48.a6 Kh7
49.Bc4d5 Qa8b8
50.b6 Qb8f8
51.a7 Qf8c5
52.a8Q Qc5xc2
53.Ka3 Qc2xd3
54.Kb4 Qd3c3
55.Kb5 d3
56.Qa8g8 Kh6
57.Bd5e4 d2
58.Qe6xg6 
1-0

[Event "Match"]
[Site "www.echecsemail.com"]
[Date "2015.01.06"]
[Round "1"]
[White "Glenno"]
[Black "Apdash"]
[WhiteElo "2350"]
[BlackElo "2110"]
[Result "1-0"]
[Round "1"]
1.e4 c5
2.Ng1f3 Nb8c6
3.d4 Nc6xd4
4.Nf3xd4 cxd4
5.Qd1xd4 e6
6.Nb1c3 d6
7.Bf1c4 Bc8d7
8.O-O Ra8c8
9.Bc4e2 Ng8f6
10.Qd4xa7 Bd7c6
11.Bc1g5 Bf8e7
12.Qa7d4 O-O
13.Ra1d1 Nf6e8
14.Bg5xe7 Qd8xe7
15.f4 Rc8d8
16.Qd4b4 f5
17.e5 Rf8f7
18.Nc3b5 d5
19.Qb4xe7 Rf7xe7
20.Rf1f3 Bc6xb5
21.Be2xb5 Ne8c7
22.c4 h6
23.Bb5a4 Rd8a8
24.Ba4b3 dxc4
25.Bb3xc4 g5
26.fxg5 hxg5
27.Rf3xf5 Re7g7
28.Rf5f6 Ra8e8
29.Rd1d6 Nc7d5
30.Bc4xd5 exd5
31.Rd6xd5 Rg7e7
32.Rf6g6 Kf7
33.Rg6xg5 Ke6
34.Rd5d6 Kf7
35.Rd6f6 { resign }
1-0

[Event "Match"]
[Site "www.echecsemail.com"]
[Date "2015.01.06"]
[Round "1"]
[White "Blackpool"]
[Black "Gilliere"]
[WhiteElo "1720"]
[BlackElo "1810"]
[Result "1-0"]
[Round "1"]
1.d4 d5
2.Ng1f3 e6
3.g3 Ng8f6
4.Bf1g2 Nb8c6
5.O-O Bf8e7
6.b3 O-O
7.Bc1b2 Bc8d7
8.Nb1d2 h6
9.e3 Nf6h7
10.c4 Be7f6
11.Ra1c1 Nh7g5
12.Nf3xg5 Bf6xg5
13.cxd5 exd5
14.Nd2f3 Bd7e6
15.Nf3xg5 Qd8xg5
16.a3 Ra8c8
17.b4 b5
18.Rc1xc6 Be6d7
19.Rc6c5 c6
20.e4 dxe4
21.Rc5xg5 hxg5
22.Bg2xe4 f5
23.Be4g2 Rc8d8
24.d5 a6
25.dxc6 Bd7xc6
26.Qd1b3 Kh8
27.Bg2xc6 Kh7
28.Qb3c3 Rf8g8
29.Qc3f3 g6
30.Qf3g2 g4
31.h3 Rd8d2
32.Bb2e5 Rg8d8
33.hxg4 fxg4
34.Qg2h2 Kg8
35.Qh2h8 Kf7
36.Qh8f6 Kg8
37.Qf6g7 
1-0

[Event "Match"]
[Site "www.echecsemail.com"]
[Date "2015.01.06"]
[Round "1"]
[White "Blackpool"]
[Black "Pablincho"]
[WhiteElo "1720"]
[BlackElo "1880"]
[Result "1/2-1/2"]
[Round "1"]
1.e4 e6
2.d4 d6
3.Nb1c3 Nb8d7
4.Ng1f3 h6
5.Bf1d3 Ng8f6
6.O-O a6
7.Rf1e1 Bf8e7
8.h3 O-O
9.d5 c6
10.dxc6 bxc6
11.Qd1e2 Rf8e8
12.Bc1f4 e5
13.Bf4h2 Ra8b8
14.Ra1b1 Bc8b7
15.Qe2d2 d5
16.exd5 cxd5
17.Nf3xe5 Nd7xe5
18.Bh2xe5 Be7d6
19.Be5xd6 Qd8xd6
20.Re1xe8 { time. }{ draw }
1/2-1/2

[Event "Match"]
[Site "www.echecsemail.com"]
[Date "2015.01.06"]
[Round "1"]
[White "Blackpool"]
[Black "Reanna"]
[WhiteElo "1720"]
[BlackElo "1630"]
[Result "1-0"]
[Round "1"]
1.d4 d5
2.Ng1f3 Ng8f6
3.Nb1c3 Nb8c6
4.g3 b6
5.Bf1g2 Bc8b7
6.O-O e6
7.Bc1g5 Bf8e7
8.Nf3e5 Nc6xe5
9.dxe5 O-O
10.exf6 Be7xf6
11.Bg5xf6 Qd8xf6
12.e3 c5
13.Qd1e2 Ra8b8
14.Rf1d1 Rf8e8
15.a4 e5
16.Nc3xd5 Bb7xd5
17.Rd1xd5 e4
18.c3 Rb8b7
19.Ra1d1 Rb7e7
20.Rd5d8 h6
21.Rd8xe8 Re7xe8
22.Rd1d7 a6
23.Qe2d2 Qf6e6
24.Rd7d6 Qe6b3
25.Rd6d8 Re8xd8
26.Qd2xd8 Kh7
27.Bg2xe4 g6
28.Be4d5 Qb3d1
29.Kg2 b5
30.axb5 axb5
31.Qd8d7 h5
32.Qd7xf7 Kh6
33.h4 Qd1g4
34.Qf7f8 Kh7
35.Bd5g8 Kh8
36.Bg8f7 Kh7
37.Qf8g8 { resign }
1-0

[Event "Match"]
[Site "www.echecsemail.com"]
[Date "2015.01.06"]
[Round "1"]
[White "Guidom"]
[Black "Blackpool"]
[WhiteElo "2090"]
[BlackElo "1720"]
[Result "1/2-1/2"]
[Round "1"]
1.e4 c5
2.Ng1f3 Nb8c6
3.c4 d6
4.Nb1c3 e5
5.d3 Bf8e7
6.Nc3d5 Ng8f6
7.Nd5xe7 Nc6xe7
8.Bc1g5 Ne7g6
9.Bf1e2 O-O
10.O-O h6
11.Bg5e3 Rf8e8
12.Qd1d2 Qd8c7
13.h3 Bc8d7
14.Be3xh6 gxh6
15.Qd2xh6 Qc7d8
16.Nf3g5 Qd8e7
17.Be2h5 Nf6xh5
18.Qh6xh5 Ng6f8
19.f4 f6
20.Ng5f3 Qe7h7
21.Qh5xh7 Nf8xh7
22.f5 b5
23.b3 b4
24.Nf3h4 Kf7
25.Nh4g6 Re8g8
26.Kf2 Nh7f8
27.Ng6xf8 Ra8xf8
28.g4 a5
29.Kg3 a4
30.h4 Rf8a8
31.Kf3 axb3
32.axb3 Ra8a3
33.Ra1xa3 bxa3
34.Rf1a1 Rg8a8
35.Ra1a2 Kg7
36.Kg3 Bd7c6
37.g5 Ra8a7
38.Kg4 Kf7
39.g6 Kg7
40.h5 Kh6
41.Kh4 { draw }
1/2-1/2

[Event "Match"]
[Site "www.echecsemail.com"]
[Date "2015.01.06"]
[Round "1"]
[White "Drdoom"]
[Black "Generalfree"]
[WhiteElo "1710"]
[BlackElo "1810"]
[Result "0-1"]
[Round "1"]
1.e4 e5
2.Ng1f3 Nb8c6
3.d4 exd4
4.Nf3xd4 Nc6xd4
5.Qd1xd4 b6
6.Bf1d3 h6
7.c4 d6
8.Nb1c3 c6
9.a3 Bc8b7
10.Qd4e3 Qd8c7
11.b4 Ng8f6
12.O-O g5
13.g3 Bf8g7
14.Bc1b2 Nf6g4
15.Qe3f3 Ng4e5
16.Qf3e3 f6
17.Ra1d1 Bb7c8
18.Rf1e1 g4
19.Kh1 h5
20.Nc3e2 Ne5f3
21.Re1f1 Bg7h6
22.Ne2f4 c5
23.Bb2c1 Bc8b7
24.Qe3e2 Nf3d4
25.Qe2b2 Qc7g7
26.Bc1e3 Nd4f3
27.Bd3e2 Bb7xe4
{ resign }
0-1

[Event "Match"]
[Site "www.echecsemail.com"]
[Date "2015.01.06"]
[Round "1"]
[White "Pgcbies"]
[Black "Stoper"]
[WhiteElo "2740"]
[BlackElo "2359"]
[Result "1-0"]
[Round "1"]
1.e4 e5
2.Ng1f3 Nb8c6
3.Bf1c4 Bf8c5
4.c3 Ng8f6
5.d3 d6
6.b4 Bc5b6
7.a4 a6
8.O-O O-O
9.Nb1a3 h6
10.Rf1e1 Nc6e7
11.a5 Bb6a7
12.Na3c2 Ne7g6
13.Bc1e3 Ba7xe3
14.Nc2xe3 Bc8e6
15.Qd1c2 Qd8d7
16.Bc4xe6 fxe6
17.Nf3d2 Ng6f4
18.f3 Qd7b5
19.Nd2c4 Rf8f7
20.d4 exd4
21.cxd4 Ra8f8
22.Kh1 Nf6h7
23.Ra1d1 Nh7g5
24.Re1f1 h5
25.d5 h4
26.dxe6 Ng5xe6
27.Qc2b3 Ne6c5
28.Qb3c3 Nc5e6
29.Ne3f5 d5
30.Nc4e3 dxe4
31.fxe4 h3
32.gxh3 Kh7
33.Qc3e1 Rf7xf5
34.exf5 Qb5c6
35.Ne3d5 Rf8xf5
36.Qe1e4  { time }
1-0

[Event "Match"]
[Site "www.echecsemail.com"]
[Date "2015.01.06"]
[Round "1"]
[White "Guidom"]
[Black "Spartacus42"]
[WhiteElo "2060"]
[BlackElo "1809"]
[Result "0-1"]
[Round "1"]
1.e4 c6
2.d4 d5
3.exd5 cxd5
4.Ng1f3 Nb8c6
5.c3 Ng8f6
6.Bc1f4 Bc8g4
7.Bf1b5 a6
8.Bb5a4 b5
9.Ba4c2 e6
10.h3 Bg4h5
11.Nb1d2 Bf8d6
12.Bf4g5 O-O
13.O-O Bh5g6
14.Rf1e1 Bg6xc2
15.Qd1xc2 h6
16.Bg5h4 Ra8c8
17.a3 g5
18.Nf3xg5 hxg5
19.Bh4xg5 Nc6xd4
20.Qc2d3 Nd4c6
21.f4 Bd6e7
22.f5 Nf6e4
23.Nd2xe4 dxe4
24.Qd3xd8 Rc8xd8
25.f6 Be7c5
26.Kh1 e3
27.Bg5h6 Rf8e8
28.Bh6g7 Rd8d2
29.b4 Bc5a7
30.Re1f1 e2
31.Rf1f4 Rd2d1
32.Kh2 Ba7b8
{ resign }
0-1

[Event "Match"]
[Site "www.echecsemail.com"]
[Date "2015.01.06"]
[Round "1"]
[White "Generalfree"]
[Black "Gilliere"]
[WhiteElo "1700"]
[BlackElo "1840"]
[Result "0-1"]
[Round "1"]
1.e4 e5
2.Ng1f3 d6
3.Nb1c3 a6
4.b4 Ng8f6
5.h3 Nb8d7
6.a3 Bf8e7
7.d3 O-O
8.g4 h6
9.Bc1e3 Nf6h7
10.h4 f6
11.Qd1d2 g5
12.hxg5 hxg5
13.Nc3d5 Rf8f7
14.Nd5xe7 Qd8xe7
15.Bf1e2 Nd7f8
16.c4 Bc8xg4
17.Nf3xg5 Nh7xg5
18.Be3xg5 fxg5
19.Be2xg4 Nf8h7
20.O-O-O Ra8f8
21.Bg4f5 Rf7g7
22.Rh1h6 Rf8f7
23.Rd1g1 Rf7f6
24.Bf5xh7 Rg7xh7
25.Rg1xg5 Kh8
26.Rh6xh7 Qe7xh7
27.Kc2 Rf6g6
28.Rg5f5 Qh7g7
29.Rf5h5 Kg8
30.Kb3 Qg7f6
31.Rh5h2 Kg7
32.a4 c6
33.b5 cxb5
34.axb5 axb5
35.cxb5 Qf6e6
36.Kb4 d5
37.exd5 Qe6xd5
38.Qd2c3 Rg6g4
39.Ka5 Qd5d8
40.b6 Qd8d5
{ resign }
0-1

[Event "Match"]
[Site "www.echecsemail.com"]
[Date "2015.01.06"]
[Round "1"]
[White "Calponas"]
[Black "Fkarpov"]
[WhiteElo "2020"]
[BlackElo "2020"]
[Result "0-1"]
[Round "1"]
1.e4 c5
2.c3 Qd8c7
3.g3 d6
4.Bf1g2 e5
5.Ng1e2 Bc8g4
6.h3 Bg4e6
7.O-O Ng8f6
8.Nb1a3 a6
9.d3 Qc7c8
10.Kh2 h6
11.Bc1e3 Nb8c6
12.Ra1c1 h5
13.d4 h4
14.d5 hxg3
15.fxg3 Be6xh3
16.dxc6 Nf6g4
17.Kg1 Bh3xg2
18.cxb7 Qc8xb7
19.Qd1a4 Qb7d7
20.Qa4xd7 Kxd7
21.Rf1xf7 Ke6
22.Kxg2 Rh8h2
23.Kf3 Kxf7
24.Kxg4 Rh2xe2
25.Be3g5 Kg6
26.Na3c4 Re2xe4
{ resign }
0-1

[Event "Match"]
[Site "www.echecsemail.com"]
[Date "2015.01.06"]
[Round "1"]
[White "Witpar"]
[Black "Apdash"]
[WhiteElo "2670"]
[BlackElo "2130"]
[Result "1-0"]
[Round "1"]
1.d4 d5
2.c4 e6
3.Nb1c3 dxc4
4.e4 c6
5.Bf1xc4 b5
6.Bc4b3 Bc8b7
7.Ng1f3 Nb8d7
8.e5 a6
9.O-O Ng8e7
10.Nc3e4 Ne7g6
11.Nf3g5 c5
12.Ng5xf7 Kxf7
13.Qd1f3 Nd7f6
14.Ne4g5 Ke7
15.Qf3xb7 Qd8d7
16.Qb7xa8 c4
17.Bb3xc4 bxc4
18.b3 Nf6d5
19.Bc1a3 { resign }
1-0

[Event "Match"]
[Site "www.echecsemail.com"]
[Date "2015.01.06"]
[Round "1"]
[White "Reanna"]
[Black "Spartacus42"]
[WhiteElo "1570"]
[BlackElo "1809"]
[Result "0-1"]
[Round "1"]
1.c4 e5
2.g3 d6
3.Bf1g2 c6
4.Ng1f3 f5
5.e3 Ng8f6
6.O-O Bf8e7
7.Nb1c3 O-O
8.d4 e4
9.Nf3d2 Qd8e8
10.b4 Nb8a6
11.Qd1b3 Bc8d7
12.d5 c5
13.b5 Na6b4
14.a3 Nb4d3
15.f3 exf3
16.Bg2xf3 Nd3e5
17.Bf3e2 Nf6g4
18.Be2xg4 Ne5xg4
19.Nd2f3 Qe8h5
20.Kg2 Be7g5
21.Rf1h1 Bg5xe3
22.Bc1xe3 Ng4xe3
23.Kf2 f4
24.Nc3e4 fxg3
25.hxg3 Qh5xf3
26.Ke1 Qf3xe4
27.Kd2 Rf8f2
28.Kc3 Qe4d4
{ resign }
0-1

[Event "1/16 Finale"]
[Site "www.chess-mail.com"]
[Date "2015.01.06"]
[Round "1"]
[White "Asoka"]
[Black "Chessmith19"]
[WhiteElo "2660"]
[BlackElo "2610"]
[Result "1-0"]
[Round "1"]
1.e4 e5
2.Ng1f3 Nb8c6
3.Bf1c4 Bf8c5
4.c3 Ng8f6
5.d3 a6
6.O-O Bc5a7
7.d4 Qd8e7
8.Rf1e1 d6
9.h3 O-O
10.Bc4b3 h6
11.Bb3c2 Nf6h5
12.Bc1e3 Qe7f6
13.Nb1d2 Rf8e8
14.a3 Nc6e7
15.Bc2d3 Nh5f4
16.Bd3f1 Ne7c6
17.d5 Nc6e7
18.Be3xa7 Ra8xa7
19.Kh2 Ne7g6
20.g3 Nf4h5
21.a4 Qf6d8
22.a5 Nh5f6
23.Kg1 Bc8d7
24.Nd2c4 Qd8c8
25.h4 Ra7a8
26.Nf3d2 Ng6e7
27.Nc4e3 Re8d8
28.Bf1e2 Qc8b8
29.Qd1c2 c6
30.Be2f3 Qb8c7
31.b4 Ra8b8
32.c4 Rb8c8
33.Ra1c1 b6
34.axb6 Qc7xb6
35.Rc1b1 Qb6d4
36.Re1d1 Qd4a7
37.Rb1a1 h5
38.Rd1b1 g6
39.Rb1b3 cxd5
40.exd5 Bd7f5
41.Qc2d1 Rc8a8
42.b5 Bf5c8
43.Qd1c1 Qa7d4
44.Rb3a3 Ra8a7
45.Nd2b3 Qd4b6
46.Ra3a5 Nf6d7
47.Qc1a3 Kg7
48.bxa6 Qb6c7
49.Qa3b4 Nd7f6
50.c5 Ne7f5
51.Ne3xf5 Bc8xf5
52.c6 Rd8e8
53.Nb3d2 Re8a8
54.Nd2c4 Bf5c8
55.Qb4xd6 { resign }
1-0

[Event "1/64 Finale"]
[Site "www.chess-mail.com"]
[Date "2015.01.06"]
[Round "1"]
[White "Picifarkinca"]
[Black "Attatroll"]
[WhiteElo "1910"]
[BlackElo "2070"]
[Result "1-0"]
[Round "1"]
1.e4 c5
2.Ng1f3 Nb8c6
3.Bf1b5 a6
4.Bb5xc6 dxc6
5.d4 cxd4
6.Qd1xd4 Qd8xd4
7.Nf3xd4 e5
8.Nd4e2 Ng8f6
9.Nb1c3 Bf8b4
10.O-O Bc8g4
11.f3 Bg4h5
12.Bc1e3 O-O
13.Ra1d1 Rf8d8
14.Be3b6 Rd8d7
15.Rd1xd7 Nf6xd7
16.Bb6f2 Ra8f8
17.a3 Bb4xc3
18.Ne2xc3 Nd7f6
19.Rf1d1 h6
20.Nc3a4 Rf8b8
21.Na4b6 Nf6xe4
22.Rd1d7 Ne4xf2
23.Kxf2 Kf8
24.Ke3 Bh5g6
25.Rd7d2 Ke7
26.Nb6d7 Rb8d8
27.Nd7xe5 Rd8xd2
28.Ne5xg6 fxg6
29.Kxd2 Ke6
30.Kd3 Ke5
31.g3 h5
32.h4 Kf5
33.Kd4 b6
34.c4 g5
35.hxg5 Kxg5
36.Ke5 h4
37.gxh4 Kxh4
38.f4 Kg4
39.b4 Kf3
40.f5 Ke3
41.c5 b5
42.f6 gxf6
43.Kxf6 Kd3
44.Ke6 Kc3
45.Kd6 Kb3
46.Kxc6 Kxa3
47.Kb6 Kxb4
48.c6 a5
49.c7 a4
50.c8Q a3
51.Qc8c2 { resign }
1-0

[Event "Fast Game"]
[Site "www.echecsemail.com"]
[Date "2015.01.06"]
[Round "1"]
[White "Kollipaa"]
[Black "Tonino1"]
[WhiteElo "1740"]
[BlackElo "1910"]
[Result "0-1"]
[Round "1"]
1.b4 e5
2.Bc1b2 f6
3.b5 d5
4.e3 c6
5.a4 Bf8d6
6.Ng1e2 Ng8e7
7.Ne2g3 Bc8e6
8.d3 Nb8d7
9.Bf1e2 O-O
10.O-O Ra8c8
11.Nb1d2 c5
12.c4 b6
13.Be2f3 Qd8c7
14.Rf1e1 f5
15.Nd2f1 dxc4
16.dxc4 Be6xc4
17.Qd1c2 Bc4e6
18.Ra1d1 e4
19.Bf3e2 Nd7e5
20.Qc2c3 Rf8f7
21.Rd1d2 c4
22.Rd2c2 Ne5d3
23.Be2xd3 exd3
24.Rc2c1 Ne7d5
25.Qc3d4 Bd6b4
26.Re1d1 Nd5f6
27.Bb2c3 Rf7d7
28.Qd4h4 Bb4e7
29.Nf1d2 Nf6e4
30.Qh4h5 Ne4xc3
31.Rc1xc3 Be7f6
32.Rd1c1 Bf6xc3
33.Rc1xc3 Qc7e5
34.Qh5d1 Qe5xc3
{ resign }
0-1

[Event "Tourn. n7946"]
[Site "www.chess-mail.com"]
[Date "2015.01.07"]
[Round "1"]
[White "A27l"]
[Black "Hansen"]
[WhiteElo "1330"]
[BlackElo "1450"]
[Result "0-1"]
[Round "1"]
1.d4 h6
2.e3 e6
3.Ng1f3 Ng8f6
4.Bf1e2 Nf6e4
5.O-O Bf8d6
6.h3 g5
7.Nf3h2 Bd6xh2
8.Kxh2 { time. }
0-1

[Event "Tourn. n7791"]
[Site "www.chess-mail.com"]
[Date "2015.01.07"]
[Round "1"]
[White "Generalfree"]
[Black "Naujzaid"]
[WhiteElo "1840"]
[BlackElo "1840"]
[Result "1/2-1/2"]
[Round "1"]
1.e4 c5
2.f4 d6
3.c4 e6
4.Nb1c3 Ng8f6
5.d3 Bf8e7
6.h3 O-O
7.Ng1f3 Nb8c6
8.a3 a6
9.g4 Qd8c7
10.Rh1g1 Ra8b8
11.g5 Nf6d7
12.h4 b5
13.Bc1d2 b4
14.Nc3a4 Bc8b7
15.Qd1b3 Nd7b6
16.Na4xb6 Qc7xb6
17.axb4 cxb4
18.Rg1g2 Nc6d4
19.Nf3xd4 Qb6xd4
20.Bd2xb4 Qd4e3
21.Bf1e2 Qe3xf4
22.Rg2g4 Qf4h2
23.Kd2 f5
24.gxf6 Rf8xf6
25.Ra1g1 Rf6f7
26.Bb4c3 Be7f8
27.Rg1g2 { draw }
1/2-1/2

[Event "Tourn. n7921"]
[Site "www.chess-mail.com"]
[Date "2015.01.07"]
[Round "1"]
[White "Faerieking"]
[Black "Merimee"]
[WhiteElo "1499"]
[BlackElo "1590"]
[Result "1-0"]
[Round "1"]
1.e4 e6
2.d4 d5
3.Nb1c3 Bf8b4
4.e5 Nb8c6
5.Qd1g4 g6
6.Bf1d3 f6
7.a3 fxe5
8.axb4 exd4
9.Nc3e2 e5
10.Qg4g3 Ng8e7
11.b5 e4
12.bxc6 Ne7xc6
13.Bd3b5 Bc8d7
14.Bb5xc6 Bd7xc6
15.Ne2xd4 Qd8d7
16.Qg3e5 Kf7
17.Bc1h6 Ra8g8
18.Nd4xc6 Qd7xc6
19.O-O-O Qc6d6
20.Rd1xd5 Qd6xe5
21.Rd5xe5 Kf6
22.f4 Rg8d8
23.Bh6g5 Kg7
24.Re5e7 Kg8
25.Re7xc7 Kf8
26.Bg5xd8 Ke8
27.Bd8h4 h6
28.Ng1e2 g5
29.fxg5 { resign }
1-0

[Event "Tourn. n7848"]
[Site "www.chess-mail.com"]
[Date "2015.01.07"]
[Round "1"]
[White "Antuan72"]
[Black "Cardiff"]
[WhiteElo "2020"]
[BlackElo "2100"]
[Result "1/2-1/2"]
[Round "1"]
1.e4 e5
2.Ng1f3 Nb8c6
3.Bf1b5 a6
4.Bb5a4 Ng8f6
5.O-O Bf8e7
6.Rf1e1 b5
7.Ba4b3 O-O
8.c3 d5
9.exd5 Nf6xd5
10.Nf3xe5 Nc6xe5
11.Re1xe5 c6
12.d4 Be7d6
13.Re5e1 Qd8h4
14.g3 Qh4h3
15.Re1e4 Nd5f6
16.Re4h4 Qh3f5
17.Qd1c2 Qf5xc2
18.Bb3xc2 h6
19.f4 Rf8e8
20.Bc1d2 Bc8e6
21.f5 Be6d5
22.Nb1a3 Bd6xa3
23.bxa3 Re8e2
24.Ra1d1 Re2g2
25.Kf1 Ra8e8
26.Bc2d3 Bd5f3
27.Rh4f4 Bf3xd1
28.Kxg2 Nf6d5
29.Rf4e4 Re8b8
30.Re4e5 f6
31.Re5e6 Rb8c8
32.h3 Kf7
33.Re6e1 Bd1a4
34.c4 Nd5e7
35.Bd2b4 Rc8e8
36.g4 Ne7c8
37.Re1xe8 Kxe8
38.Bb4c5 bxc4
39.Bd3xc4 a5
40.Bc4e6 Nc8e7
41.Kg3 Ne7d5
42.Be6xd5 cxd5
43.Bc5b6 Ba4c2
44.Bb6xa5 Bc2b1
45.Ba5b4 Bb1xa2
46.h4 Kf7
47.Kf4 Ba2c4
48.g5 hxg5
49.hxg5 fxg5
50.Kxg5 Bc4b5
51.Bb4c5 Bb5a4
52.Kg4 Ba4b5
53.Kf4 Bb5a4
54.Ke5 Ba4b3
55.a4 Bb3xa4
56.Kxd5 Kf6
57.Ke4 Ba4c2
58.Kf4 Bc2xf5
{ draw }
1/2-1/2

[Event "Tourn. n7947"]
[Site "www.chess-mail.com"]
[Date "2015.01.07"]
[Round "1"]
[White "Rindrandria"]
[Black "Maxlou"]
[WhiteElo "1520"]
[BlackElo "1660"]
[Result "0-1"]
[Round "1"]
1.b3 e5
2.d3 d5
3.Bc1b2 Nb8c6
4.Nb1d2 Ng8f6
5.e3 Bf8d6
6.h3 O-O
7.d4 exd4
8.Bb2xd4 Nc6xd4
9.exd4 Rf8e8
10.Bf1e2 Bd6b4
11.c4 Nf6e4
12.Ng1f3 Ne4c3
13.Qd1c2 Nc3xe2
14.cxd5 Ne2xd4
{ resign }
0-1

[Event "Tourn. n7947"]
[Site "www.chess-mail.com"]
[Date "2015.01.07"]
[Round "1"]
[White "Rindrandria"]
[Black "Generalfree"]
[WhiteElo "1520"]
[BlackElo "1810"]
[Result "1-0"]
[Round "1"]
1.g3 c5
2.Nb1c3 d5
3.Nc3b5 a6
4.Nb5a3 b5
5.c3 Bc8b7
6.Bf1g2 e6
7.d3 h6
8.Bc1e3 Bf8d6
9.Qd1b3 Bb7c6
10.O-O-O b4
11.Na3c2 Qd8d7
12.a3 bxc3
13.Qb3xc3 d4
14.Be3xd4 cxd4
15.Qc3xd4 e5
16.Bg2h3 Qd7c7
17.Qd4g4 g5
18.e4 Ng8f6
19.Qg4f3 Bd6e7
20.Bh3f5 h5
21.Qf3e3 Bc6a4
22.Rd1d2 Be7c5
23.Qe3xg5 Bc5e7
24.Qg5e3 Nb8c6
25.Ng1f3 Nf6d7
26.h4 Nd7c5
27.Kb1 Ba4xc2
28.Rd2xc2 Nc5a4
29.d4 exd4
30.Nf3xd4 Be7c5
31.Qe3b3 Nc6xd4
32.Qb3xa4 Kf8
33.Rc2c4 Qc7e5
34.f4 Qe5e7
35.Rh1c1 Bc5b6
36.e5 Nd4xf5
37.Qa4c2 Nf5xg3
38.Qc2g2 Ra8d8
39.Qg2xg3 Rh8g8
40.Qg3b3 Bb6f2
41.Rc4c8 Rd8xc8
42.Rc1xc8 Kg7
43.Rc8c2 Qe7xh4
44.f5 Qh4e4
45.f6 Kg6
46.Ka2 Bf2d4
47.Qb3c4 Qe4xe5
48.Rc2g2 Kh7
49.Qc4xf7 Rg8g7
50.Qf7xg7 
1-0

[Event "Tourn. n7782"]
[Site "www.chess-mail.com"]
[Date "2015.01.07"]
[Round "1"]
[White "Passaroa25"]
[Black "Georgepapi"]
[WhiteElo "1610"]
[BlackElo "1620"]
[Result "0-1"]
[Round "1"]
1.Ng1h3 e5
2.f3 d5
3.Nh3f2 Ng8f6
4.c3 Nb8c6
5.e3 Bf8c5
6.Bf1b5 O-O
7.d3 a6
8.Bb5a4 b5
9.Ba4c2 Rf8e8
10.O-O d4
11.e4 dxc3
12.Nb1xc3 Bc8b7
13.Qd1e1 Nc6d4
14.Qe1d2 c6
15.Nc3e2 Qd8b6
16.Ne2xd4 Bc5xd4
17.Kh1 Ra8d8
18.Nf2h3 c5
19.Ra1b1 c4
20.Nh3g5 cxd3
21.Qd2xd3 Bd4xb2
22.Qd3e2 Bb2xc1
23.Rb1xc1 h6
24.Rc1d1 hxg5
25.Rd1xd8 Re8xd8
26.h3 Qb6a5
27.Bc2b3 Qa5d2
28.Qe2xd2 Rd8xd2
29.Rf1d1 Rd2xd1
30.Bb3xd1 Nf6d7
31.a4 b4
32.a5 Nd7c5
33.Kh2 b3
34.Bd1xb3 Nc5xb3
35.Kg3 Nb3xa5
36.Kg4 f6
37.h4 Bb7c8
38.Kg3 gxh4
39.Kxh4 Na5c4
40.g4 a5
41.g5 a4
42.gxf6 gxf6
43.Kg3 a3
44.f4 a2
45.f5 a1Q
46.Kg4 Qa1g1
47.Kf3 Nc4d2
48.Ke2 Nd2xe4
{ resign }
0-1

[Event "Tourn. n7760"]
[Site "www.chess-mail.com"]
[Date "2015.01.07"]
[Round "1"]
[White "Falcoale"]
[Black "Naujzaid"]
[WhiteElo "1820"]
[BlackElo "1749"]
[Result "0-1"]
[Round "1"]
1.e4 c5
2.Ng1f3 d6
3.d4 cxd4
4.Nf3xd4 Ng8f6
5.Bf1d3 e6
6.O-O a6
7.Nb1c3 Bf8e7
8.f4 Qd8c7
9.Bc1e3 O-O
10.Be3f2 Nb8c6
11.Nc3e2 Nc6xd4
12.Bf2xd4 b5
13.e5 dxe5
14.Bd4xe5 Qc7b6
15.Kh1 Bc8b7
16.Ne2g3 Qb6c6
17.Rf1f2 Rf8d8
18.Qd1e1 Nf6g4
19.Rf2e2 Ng4xe5
20.fxe5 Be7h4
21.Bd3e4 Qc6c7
22.c3 Bb7xe4
23.Re2xe4 Bh4xg3
24.Qe1xg3 Rd8d2
25.Ra1b1 Ra8d8
26.a3 Rd8d3
27.Re4e3 Rd2d1
28.Rb1xd1 Rd3xd1
29.Re3e1 Qc7d7
30.Qg3f2 Qd7d2
31.Qf2xd2 Rd1xd2
32.Re1b1 Rd2e2
33.g3 Re2xe5
34.b3 f5
35.Rb1c1 Re5c5
36.Kg2 Kf7
37.Kf3 e5
38.h3 e4
39.Kf4 Kf6
40.Ke3 Ke5
41.b4 Rc5d5
42.c4 bxc4
43.Rc1xc4 Rd5d3
44.Kf2 Rd3f3
45.Kg2 Rf3xa3
46.Rc4c5 Kf6
47.Rc5c6 Kg5
48.Rc6c7 Kh6
49.Rc7c6 g6
50.g4 Kg5
51.gxf5 gxf5
52.Rc6c7 h5
53.Rc7g7 Kf4
54.Rg7h7 Ra3a2
55.Kh1 Kg3
56.Rh7g7 Kxh3
57.Kg1 f4
58.b5 e3
59.b6 Ra2a1
{ resign }
0-1

[Event "Tourn. n7950"]
[Site "www.chess-mail.com"]
[Date "2015.01.07"]
[Round "1"]
[White "Luban"]
[Black "Cardiff"]
[WhiteElo "2160"]
[BlackElo "2070"]
[Result "1-0"]
[Round "1"]
1.d4 g6
2.e4 Bf8g7
3.Ng1f3 c6
4.c4 d6
5.h3 Ng8f6
6.Nb1c3 Qd8c7
7.Bc1f4 b6
8.e5 Nf6d7
9.exd6 exd6
10.Nc3e4 Bg7f8
11.c5 f5
12.Bf4xd6 Bf8xd6
13.Ne4xd6 Kf8
14.Qd1b3 Nd7f6
15.Nd6xc8 Qc7xc8
16.cxb6 axb6
17.Qb3xb6 Nf6d5
18.Qb6c5 Kg7
19.Bf1e2 Rh8e8
20.Nf3e5 Nb8a6
21.Qc5c1 Na6b4
22.a3 Nb4a6
23.O-O Re8e6
24.Be2xa6 Ra8xa6
25.Rf1e1 Qc8e8
26.Ne5c4 Re6xe1
27.Qc1xe1 Qe8e4
28.Qe1xe4 fxe4
29.Ra1e1 Nd5f6
30.Nc4d6 Ra6a4
31.Nd6xe4 { resign }
1-0